[Event "Budapest m 30'"]
[Site "Budapest"]
[Date "1998.06.09"]
[Round "2"]
[White "Polgar, Judit"]
[Black "Karpov, Anatoly"]
[Result "1-0"]
[WhiteElo "2670"]
[BlackElo "2735"]
[Annotator "Psakhis,L"]
[PlyCount "99"]
[EventDate "1998.06.09"]
[EventType "match (rapid)"]
[EventRounds "8"]
[EventCountry "HUN"]
[Source "ChessBase"]
[SourceDate "1998.08.06"]

1. e4 c6 {Of course! Just few times in last years Karpov choose Spanish or
Russian defence.} 2. d4 d5 3. Nd2 {Just in the last game, which was not
already important from match  point of view, Judit choose her favorite Panov
attack- anf got fantastic position!} dxe4 4. Nxe4 Nd7 5. Ng5 Ngf6 6. Bd3 e6 7.
N1f3 Bd6 8. Qe2 h6 9. Ne4 Nxe4 10. Qxe4 Qc7 11. Qg4 Kf8 12. Be3 $5 {This move 
was never played before  on super level.} ({Karpov succesfully defend Blacks
position after normal} 12. O-O c5 {for instance} 13. c3 b6 14. Re1 Bb7 15. h4
c4 (15... Rd8 16. Bd2 Nf6 17. Qh3 Bxf3 18. Qxf3 cxd4 19. cxd4 Qd7 20. a4 Be7
21. Bc3 Qd5 $13 {1-0 Shirov,A-Karpov,A/Amber blind 1998 (53)}) 16. Bc2 b5 17.
Bd2 a5 18. h5 Bd5 19. Qh3 Rb8 $11 {1/2-1/2 Anand,V-Karpov,A/Amber rapid 1998 
(48)}) 12... c5 {Maybe this is not a mistake, but not in black,s interest to
open position with king on f8.} (12... b6 13. Nd2 $5 (13. O-O-O Bb7 14. Rhe1
Rc8 15. Kb1 Nf6 16. Qh3 c5 17. dxc5 bxc5 18. c4 Bxf3 19. Qxf3 Ke7 $36 {[%cal
Gc8b8,Gd6e5] 1/2-1/2 Fressinet,L-Speelman,J/Bardeaux 1998 (61)}) 13... Nf6 14.
Qe2 Nd5 15. Nc4 Ba6 16. Nxd6 Bxd3 17. Qxd3 Qxd6 18. O-O Rd8 19. Rad1 b5 20. a4
$14 {1/2-1/2 Polgar,J-Karpov,A/Budapest m (4) 1998 (57)}) (12... Nf6 $1 13. Qh4
b6 14. O-O-O Bb7 15. Rhe1 c5 16. dxc5 bxc5 17. Nd2 Nd5 18. Nc4 Nxe3 19. Nxe3
Rb8 $13 {1/2-1/2 Polgar,J-Karpov,A/Budapest m (6) 1998 (48)}) 13. dxc5 Bxc5 {N}
(13... Nxc5 14. O-O-O e5 (14... Nxd3+ 15. Rxd3 e5 16. Qe4 Be6 17. Rhd1 $16) 15.
Bf5 Ne6 16. Nh4 $1 Qe7 17. Bxe6 Bxe6 18. Nf5 Bxf5 19. Qxf5 b6 20. Rd5 $16 {1-0
Marciano,D-Arlandi,E/Makarska 1996 (33)}) 14. O-O-O $5 {[%csl Rf8]} Nf6 15. Qh4
(15. Bxc5+ Qxc5 16. Qg3 Bd7 $13) 15... Bxe3+ 16. fxe3 {[%csl Rf8][%cal Gf1f8]}
Bd7 (16... e5 $5 17. Qg3 Ng4 (17... Bg4 $2 18. Nxe5) 18. h3 Nxe3 19. Nxe5 {
[%cal Re5g6]} Qc5 (19... Qb6 20. Qf3 Be6 21. Rde1 $18) 20. Rde1 (20. Nxf7 $5)
20... Nf5 21. Qf3 $18) 17. Rhf1 Rc8 18. Kb1 Bc6 (18... e5 $5) 19. e4 Kg8 {Bad
king + 10 minutes difference ( to Judit favour of cource!) makes situation
very difficult for Karpov.} (19... e5 20. Nd2 $5 {[%cal Gd2c4,Gf1f6]}) 20. c3
$5 {[%cal Gd3c2,Gd1d8]} Nd7 21. Bc2 Ne5 22. Nxe5 Qxe5 23. Qf2 $5 f6 (23... Bxe4
$5 24. Qxf7+ Kh7 25. Rfe1 (25. Qxb7 Bxc2+ 26. Kxc2 Qe2+ 27. Kc1 Rb8 $19) 25...
Bxc2+ 26. Kxc2 Qxh2 27. Qxb7 $14) 24. Qxa7 Qxh2 (24... Bxe4 25. Qa4 Bxc2+ (
25... Bxg2 26. Rfe1 Qc7 27. Rxe6 $40) (25... Bc6 26. Qg4 h5 27. Qh3 $36)) 25.
e5 $1 Qxe5 26. Rfe1 {At this moment Karpov had something like 1,5 minutes left
on his clock, Judit 9-10 and tremendous initiative and I was sure that Judit
will win game very easy and quickly, but unfortunately she started to look 
more on Karpovs clock than at the position.} Qc7 27. Rxe6 Kf7 28. Bb3 Kg6 29.
Qd4 {[%cal Rd4d3,Rd3g6]} Rhd8 30. Qg4+ Kh7 31. Bc2+ $2 ({Why not} 31. Qf5+ Kh8
32. Rde1 Re8 $140 33. Bc2 Kg8 34. Qh7+ Kf8 35. Bg6 $18) 31... Kg8 32. Rxd8+ (
32. Rxf6 $1 Rxd1+ 33. Bxd1 Rd8 34. Bb3+ Kh8 35. Rf1 $18) 32... Rxd8 33. Re1 $2
(33. Rxf6 $1 Qh2 $140 $2 34. Rf1 Qxg2 35. Qe6+ Kh8 36. Qf5 $18) 33... Kf8 34.
Bg6 $14 Qd6 35. Qc4 Qd5 36. Qe2 Qd7 (36... Ra8 $5) 37. c4 Qd6 {It is very
difficult to analysed last part of the game- at this moment  Karpov had 0,5
minutes left.} (37... b5 $5) 38. a3 Qd7 39. g4 Kg8 40. Bf5 Qd6 41. Qc2 Re8 42.
Rd1 Qc5 43. Bg6 Ra8 44. Qd3 Qe7 45. Qd4 Be8 46. Be4 Bf7 47. c5 (47. Bd5 $5 $14)
47... Rc8 48. Bf5 $2 (48. b4 $1) 48... Rxc5 49. Qd8+ Qf8 $4 $138 (49... Qe8 50.
Rd7 (50. Be6 Kh7 51. Bf5+ g6) 50... Re5 (50... b5 $2 51. Be6 $1 $18) 51. Qxe8+
Rxe8 52. Rxb7 $14) 50. Bh7+ 1-0

[Event "Budapest m 30'"]
[Site "Budapest"]
[Date "1998.06.10"]
[Round "3"]
[White "Karpov, Anatoly"]
[Black "Polgar, Judit"]
[Result "0-1"]
[WhiteElo "2735"]
[BlackElo "2670"]
[Annotator "Psakhis,L"]
[PlyCount "163"]
[EventDate "1998.06.09"]
[EventType "match (rapid)"]
[EventRounds "8"]
[EventCountry "HUN"]
[Source "ChessBase"]
[SourceDate "1998.08.06"]

1. d4 Nf6 2. c4 e6 3. Nf3 c5 4. d5 d6 5. Nc3 exd5 6. cxd5 g6 7. h3 Bg7 8. e4
O-O 9. Bd3 b5 10. Bxb5 Nxe4 11. Nxe4 Qa5+ 12. Nfd2 Qxb5 13. Nxd6 Qa6 14. N2c4
Rd8 $5 {Sly move, which we prepared few hours before game,was not expected by
Karpov in his home preparation. First 14 moves he played very quickly, but now
he started to think a lot .} 15. Bf4 $1 {This strongest in position move took
from Anatoly 8 minutes.} ({Black hasn,t any troubles after} 15. Qe2 Bb7 16.
Nxb7 (16. Qe7 $2 Rd7 $1 17. Qe8+ Bf8 $17) 16... Qxb7 17. Bf4 (17. Ne3 Qb4+ 18.
Qd2 Qe4 19. O-O Nc6 $44 {1-0 Potapov,A-Hrivnak,D/Ceske Budejovice op 1997 (54)}
) (17. Bd2 Qxd5 18. Ne3 Qe4 19. Bc3 Bxc3+ 20. bxc3 Nc6 {1/2-1/2 Babula,
V-Dinstuhl,V/Berlin op 1996}) 17... Qxd5 (17... Rxd5 18. O-O Nc6 $11) 18. Rd1
Bd4 (18... Qxd1+ 19. Qxd1 Rxd1+ 20. Kxd1 Nc6 21. Be3 $14) 19. O-O Nc6 20. Rfe1
(20. b3 Re8 21. Qd2 $14) 20... Re8 21. Be3 Rab8 22. b3 a5 $11 {0-1 Dautov,
R-Womacka,M/BL 1998 (38)}) 15... Nd7 16. O-O Nb6 17. Nxb6 Qxb6 (17... axb6 18.
Nxc8 (18. Qd2 $5) 18... Qxc8 19. Qb3 Qf5 20. Bc7 Rxd5 21. Qxb6 Rd2 $44 {1/2-1/
2 Estremera,S-Izeta,F/Spain ch 1991 (35)}) 18. Nxc8 (18. Nc4 Qb7 19. d6 Qe4 20.
Qf3 Qxf3 21. gxf3 Bxh3 22. Rfd1 Be6 $15 {1/2-1/2 Schlosser,P-Forster,R/
Lippstadt 1995 (40)}) 18... Raxc8 19. Rb1 {Finally players came to famous
theoretical position, but instead  of normal 1-2 minutes Karpov spent 16!} Qb7
$1 {Important move was found by Topalov in his game against Karpov in Las
Palmas 1996.In all other variations White keeps  initiative ( and sometimes
pawn too!), for example:} (19... Bd4 20. d6 c4 21. Qg4 h5 22. Qg3 Bc5 23. Rfd1
$16) (19... Rd7 20. d6 Bf8 21. Qg4 Qb7 22. Rfd1 Rc6 23. Rd2 Bxd6 24. Rbd1 Qc7
25. Rd5 h5 26. Qf3 Kf8 27. Be5 Qd8 28. b3 Qc7 29. Qd3 Ke7 30. g3 h4 31. Qe3 {
1-0,Grabarczyk,M-Oliwa,M/POL-ch Brzeg Dolny/1996/}) (19... Qa6 20. d6 Rd7 21.
Qd5 c4 22. Rbd1 Bxb2 23. Rfe1 Bf6 24. Be5 Bxe5 25. Rxe5 Rf8 26. Re7 Rdd8 27. d7
Qxa2 28. Rde1 Qa4 29. Kh2 a6 30. Rxf7 {1-0,Rogozenko,D-Marin,M/Bucharest
Ciocaltea/1995/}) 20. d6 Bf8 21. Qd3 (21. Qd2 $6 Bxd6 $1 22. Bxd6 Rc6 23. Rfd1
Qa6 24. Qg5 Rdxd6 25. Rxd6 Rxd6 26. Qxc5 Qxa2 27. Re1 Rd8 28. b4 a6 $11 {1/2-1/
2 Karpov,A-Topalov,V/Las Palmas 1996 (70)}) 21... Bxd6 22. Bxd6 Rc6 23. Rfd1
Rcxd6 ({Deserves attention also} 23... Qd7 $5) 24. Qxd6 Rxd6 25. Rxd6 c4 $1 {
[%cal Gc4c3]} 26. Rd2 c3 27. Rc2 Qe4 28. Rbc1 cxb2 29. Rxb2 a5 {N It is
difficult to believe, but just this move is a new one! In two previous games
Black drew without big problems, but in this game the task was not so easy.} (
29... h5 30. g3 a5 31. Rb3 Qd5 32. Rcb1 Qd2 33. a3 Qc2 34. Rb8+ Kg7 35. Re1 Qc3
36. Re3 Qc1+ 37. Kg2 Qc6+ 38. Kg1 Qc1+ 39. Kg2 Qc6+ {1/2-1/2 Shipov,
S-Velimirovic,D/Belgrade-Moscow m 1998}) (29... Qa4 30. Re2 Kg7 31. Rcc2 h5 32.
Rcd2 Qc4 33. Re1 a5 34. Red1 Qa4 35. Rb1 Qe4 36. Ra1 Qb4 37. Re2 Qc3 38. Rae1
Qa3 39. h4 Kh6 40. g3 f5 41. Kg2 Qa4 42. f4 Qc6+ $11 {1/2-1/2 Legky,
N-Hamdouchi,H/France 1997 (66)}) 30. Rbc2 h5 $6 ({Stronger was to play} 30...
Qa4 $1 31. Rd2 h5 $14 {[%csl Ra2][%cal Ga4a2] and it will be difficult for
white to improve position}) 31. Rc4 $1 Qd5 32. a4 $16 Qd2 33. h4 Kg7 34. g3 Qb2
35. Rc5 Qd2 36. Kg2 Qb4 37. R1c4 Qb7+ 38. Kh2 Qb6 39. Kg1 Qb1+ 40. Rc1 Qb4 41.
R5c4 Qd2 42. R1c3 $5 {[%csl Rf7][%cal Gc3f3,Gc4f4,Rf3f7]} Qd1+ 43. Kh2 Qd2 44.
Rf3 {[%cal Rc4c7,Rc7f7]} Qd5 $1 45. Rcf4 f5 $8 {Finally Karpov pushed Judit to
play f7-f5} 46. Rc3 Qd2 47. Rc5 Qd8 48. Rfc4 Qd2 49. Kg2 Qd3 50. Rf4 Qd8 51.
Kh2 Qd2 52. Rcc4 Qe1 (52... Kh6 $5) 53. Kg2 Qe7 54. Rfd4 Qb7+ 55. Kg1 Qb1+ $6 (
55... Kh6 $5 56. Rc5 Qb2) 56. Kh2 Qb2 57. Rd7+ {Unpleasant surprise! Black,s
king has to start dangerous trip to the  center of the board} Kf6 (57... Kh6
58. Kg2 Qb8 59. Rcc7 Qa8+ 60. Kg1 Qg8 61. Rd6 $18) 58. Rc6+ Ke5 59. Kg2 f4 $1 {
Karpov had just 1-1,5 minutes left on his clocks and Polgar correctly try to
make position more complicated, or, at least, more  open.} 60. gxf4+ Kxf4 61.
Rdc7 (61. Rxg6 $5 Qb4 62. Rg5 Qxa4 63. Rf7+ Ke4 64. Kg3 {[%cal Rf7f4]}) 61...
Qb3 62. Rc4+ Ke5 63. Re7+ Kd5 64. Rce4 Kd6 65. R7e5 Qd3 66. Re6+ Kd7 67. Re3
Qd5+ 68. R6e4 g5 $16 {Continue same strategy. White chances are still clearly
better, but, I think, the best move for white now was offering a draw. Karpov
was not happy with this result, he played, played and tried to find chances
for a win ... and lost the control of the situation. Just after move 81 he
made a draw proposal, but too late- he had at this moment just 1 (!!) second
left.} 69. hxg5 Qxg5+ 70. Kh2 Qf5 71. f3 Kd6 72. Rd3+ Kc5 73. Kg3 Qg6+ 74. Kh4
Qf5 75. Rde3 Qg6 76. Re5+ Kb4 77. R3e4+ Kc3 78. Rc5+ Kd3 79. Rf4 Qg1 80. Rd5+
Ke3 81. Rff5 Qh2+ 82. Kg5 $138 0-1

[Event "Budapest m 30'"]
[Site "Budapest"]
[Date "1998.06.10"]
[Round "4"]
[White "Polgar, Judit"]
[Black "Karpov, Anatoly"]
[Result "1/2-1/2"]
[WhiteElo "2670"]
[BlackElo "2735"]
[Annotator "Psakhis,L"]
[PlyCount "114"]
[EventDate "1998.06.09"]
[EventType "match (rapid)"]
[EventRounds "8"]
[EventCountry "HUN"]
[Source "ChessBase"]
[SourceDate "1998.08.06"]

1. e4 c6 2. d4 d5 3. Nd2 dxe4 4. Nxe4 Nd7 5. Ng5 Ngf6 6. Bd3 e6 7. N1f3 Bd6 8.
Qe2 h6 9. Ne4 Nxe4 10. Qxe4 Qc7 11. Qg4 Kf8 12. Be3 b6 (12... c5 13. dxc5 Bxc5
(13... Nxc5 14. O-O-O e5 15. Bf5 Ne6 16. Nh4 Qe7 17. Bxe6 Bxe6 18. Nf5 Bxf5 19.
Qxf5 b6 20. Rd5 $16 {1-0 Marciano,D-Arlandi,E/Makarska 1996 (33)}) 14. O-O-O
Nf6 15. Qh4 Bxe3+ 16. fxe3 Bd7 17. Rhf1 Rc8 18. Kb1 Bc6 19. e4 Kg8 20. c3 Nd7
21. Bc2 $36 {1-0 Polgar,J-Karpov,A/Budapest m (2) 1998 (49)}) (12... Nf6 $1 13.
Qh4 b6 14. O-O-O Bb7 15. Rhe1 c5 16. dxc5 bxc5 17. Nd2 Nd5 18. Nc4 Nxe3 19.
Nxe3 Rb8 $13 {1/2-1/2 Polgar,J-Karpov,A/Budapest m 1998 (48)}) 13. Nd2 $5 {
[%cal Gd2c4,Gc4d6,Ge1c1] N} (13. O-O-O Bb7 14. Rhe1 Rc8 15. Kb1 Nf6 16. Qh3 c5
17. dxc5 bxc5 18. c4 Bxf3 19. Qxf3 Ke7 $15 {1/2-1/2 Fressinet,L-Speelman,J/
Bardeaux 1998 (61)}) 13... Nf6 $5 (13... c5 14. Nc4 Nf6 15. Qe2 $36 {[%csl Rf8]
}) 14. Qe2 (14. Qh4 $5 {was maybe more agressive, than move in the game, but ,
please, don,t forget, that score was already 2,5-0,5 to Polgar.}) 14... Nd5 (
14... e5 15. dxe5 Bxe5 16. Nc4 $14) 15. Nc4 Ba6 (15... Nxe3 16. fxe3 $14 {
[%cal Gh1f1,Gf1f7]}) (15... Nf4 $5 16. Bxf4 Bxf4 17. g3 Bg5) 16. Nxd6 (16.
O-O-O $5 Nf4 17. Bxf4 Bxf4+ 18. Kb1 Rd8 19. g3 Bg5 20. Ne5 $13) 16... Bxd3 17.
Qxd3 Qxd6 18. O-O Rd8 (18... b5 19. a4 b4 (19... a6 $2 20. axb5 cxb5 21. Qxb5
$1) 20. c4 $1 $36) 19. Rad1 (19. c4 $5 Nxe3 20. fxe3 $14) 19... b5 $5 20. a4 a6
(20... b4 21. c4) 21. c4 (21. b3 $5 {[%cal Gc2c4]}) 21... bxc4 22. Qxc4 Ra8 {
[%cal Gf8e7,Gh8b8]} (22... a5 23. Bd2 Ra8 24. Rc1 $36 {[%csl Ra5,Rc6]}) 23. b4
$5 {Very interesting effort to get initiative.White has less than nothing 
after} (23. Rc1 Ke7 $1 24. Qxc6 Qxc6 25. Rxc6 Rhb8 {with more than enough
compensation for a pawn.}) 23... Qxb4 $1 (23... Nxb4 $2 24. d5 $1 cxd5 25. Bc5
$1 $18) 24. Qxc6 Ke7 $1 {Looks dangerous, but Karpov correctly calculated
variations.} 25. Bd2 (25. Rb1 Rhc8 $1 26. Qxd5 $140 $2 Qxb1 27. Bg5+ $2 f6 $19)
25... Qd6 26. Qb7+ Kf6 (26... Qd7 $5 27. Bb4+ Nxb4 28. Qxb4+ Qd6 $11) 27. Qb3
Rhc8 (27... Rhb8 28. Qh3 Rb2 29. f4 $5 $40 {[%cal Rf4f5]}) 28. Rc1 (28. Qh3 Rc4
) 28... Kg6 (28... g5 $5) 29. Qd3+ f5 (29... Kf6) 30. Rfe1 {[%csl Re6]} Rxc1
31. Rxc1 (31. Bxc1 Kh7 32. Ba3 Qc6 {[%cal Gd5f4]}) 31... Rb8 32. h3 (32. g3 $5)
32... Kf7 33. Rc5 Rb7 34. g3 Rb2 35. a5 $14 {[%csl Ra6]} Rb7 36. Qf3 {[%cal
Gg3g4]} (36. Qc2 Qd7 37. Rc6 Rb2 $1) 36... Rc7 37. Qd3 Rxc5 (37... Rb7 38. Qc4)
38. dxc5 Qc6 39. Qc4 Ke7 40. Bc3 $5 {Karpov had usual for him  in this match
time troubles, but defended well and made draw without big problem.} Kf7 41.
Be5 g5 42. Bd6 Nf6 43. Qe2 h5 (43... g4 44. hxg4 fxg4 (44... Nxg4 45. f3 Nf6
46. Kf2) 45. Qe3 $14) 44. Be5 g4 45. Bxf6 (45. hxg4 Nxg4 $5) 45... gxh3 $1 (
45... Kxf6 46. hxg4 hxg4 47. Qb2+ Ke7 48. Qg7+ Kd8 49. Qa7 $36) 46. Qxh5+ Kxf6
47. Qh6+ Ke5 48. Qxh3 Qxc5 $11 49. Qh8+ Kd5 50. Qa8+ Qc6 51. Qxc6+ Kxc6 52. f3
Kd5 53. Kf2 e5 54. Ke3 Ke6 55. Kd3 Kd5 56. Ke3 e4 57. fxe4+ fxe4 1/2-1/2

[Event "Budapest m 30'"]
[Site "Budapest"]
[Date "1998.06.11"]
[Round "5"]
[White "Karpov, Anatoly"]
[Black "Polgar, Judit"]
[Result "1/2-1/2"]
[WhiteElo "2735"]
[BlackElo "2670"]
[Annotator "Psakhis,L"]
[PlyCount "149"]
[EventDate "1998.06.09"]
[EventType "match (rapid)"]
[EventRounds "8"]
[EventCountry "HUN"]
[Source "ChessBase"]
[SourceDate "1998.08.06"]

1. d4 Nf6 2. c4 g6 3. Nf3 Bg7 4. g3 O-O 5. Bg2 d6 6. O-O Nc6 7. d5 {Old move,
nowdays more common 7.Nc3 and just after 7... a6 8.d5} Na5 8. Nfd2 c5 ({
Deserves attention} 8... c6 $5 {for example} 9. a3 cxd5 10. cxd5 Ng4 11. Ra2
Ne5 12. b4 Nac4 13. Nxc4 Nxc4 14. a4 Bd7 $11 {0-1 Glavica,Z-Kosanski,S/Zagreb
1995 (40)}) 9. a3 {[%cal Gb2b4]} Nd7 ({White,s chances are slightly better
after} 9... b6 10. b4 (10. Ra2 Ba6 11. Qc2 b5 12. b3 bxc4 13. bxc4 Rb8 14. Bb2
Qb6 15. Bc3 Nd7 16. Bxg7 Kxg7 $13 {1/2-1/2 Vucic,M-Goldenberg,D/Toronto op
1998 (36)}) 10... Nb7 11. Bb2 {for example} e5 12. dxe6 fxe6 13. Qb3 Qe7 14.
Nc3 Rb8 15. Rad1 cxb4 16. axb4 a5 17. Nce4 $14 {1-0 Burmakin,V-Lobzhanidze,D/
Kstovo op 1997 (47)}) 10. Ra2 Ne5 $5 11. Qc2 (11. b3 Rb8 12. a4 a6 13. Na3 e6
14. Bb2 exd5 15. cxd5 f5 16. f4 Ng4 17. Bxg7 Kxg7 18. Qa1+ Kg8 $13 {1-0
Kharitonov,A-Fedorov,A/Sochi 1997 (46)}) 11... Bf5 (11... Bd7 $5 12. h3 (12. b4
cxb4 13. axb4 Naxc4 14. Nxc4 Rc8 15. Nbd2 Bb5 $5 $11) 12... b5 13. cxb5 Bxb5
14. Nc3 Qb6 15. b4 (15. b3 Ba6 16. Rb2 {1/2-1/2 Kasimdzhanov,R-Antoniewski,R/
Wch B20 Zagan 1997}) 15... cxb4 16. axb4 Nac4 17. Nxb5 Qxb5 18. Nxc4 Nxc4 19.
Bf4 Rfc8 $11 {1/2-1/2 Kochiev,A-Popovic,P/Krk 1976 (37)}) (11... Bg4 12. Re1 b5
13. h3 Bd7 14. b3 bxc4 15. bxc4 Qc8 16. f4 Bf5 17. e4 Bxh3 18. fxe5 Bxe5 $132 {
0-1 Husek,Z-Kozma,K/HUN t-ch 1995 (60)}) 12. e4 Bd7 13. b3 $5 {N} (13. h3 b5
14. b3 bxc4 15. bxc4 Qe8 16. a4 Rb8 $15 {0-1 Grushka-Roselli,B/Progreso op
1986 (37)}) 13... b5 14. Bb2 (14. f4 Ng4 15. Nf3 bxc4 16. bxc4 f5 $5 {[%csl
Ya5,Yg7]}) 14... bxc4 15. bxc4 Rb8 16. Bc3 (16. f4 $2 Rxb2 $1 17. Rxb2 Nexc4
18. Nxc4 Nxc4 $17) 16... Qb6 {Black pieces are active, but, unfortunately for
them, Karpov finds  good way to finish development, and ,due to advantage in
space,  get initiative.} (16... f5 17. f4 Ng4 18. Bxg7 Kxg7 19. Qc3+ Kg8 20. e5
$36) 17. a4 $1 {[%cal Gb1a3]} (17. f4 Nexc4 (17... Ng4 18. Bxg7 Kxg7 19. h3 $14
) 18. Nxc4 Nxc4 19. Bxg7 Ne3 20. Qc1 (20. Qf2 Qxb1 (20... Nxf1 21. Rb2 Qd8 22.
Bxf8 Ne3 $1 23. Bxe7 $1 Rxb2 24. Qxb2 Qxe7 $13) 21. Rxb1 Rxb1+ 22. Bf1 Rxf1+
23. Qxf1 Nxf1 24. Bxf8 Nxg3 25. hxg3 Kxf8 26. Rb2 a5 $1 $11) 20... c4 (20...
Nxf1 21. Rb2 $1) 21. Rb2 (21. Bxf8 Nxf1+ 22. Kxf1 Qxb1 23. Rc2 Qxc1+ 24. Rxc1
Kxf8 $17) 21... Qc5 22. Bc3 $1 (22. Bxf8 $2 Rxb2 23. Qxb2 $140 Nd1+ $19) 22...
Rxb2 23. Bxb2 Rb8 $132) 17... e6 (17... Bh6 $5) 18. h3 {[%cal Rf2f4]} exd5 19.
cxd5 Rfc8 {[%cal Gc5c4]} (19... f5 20. f4 Nf7 21. Bxg7 Kxg7 22. Qc3+ Kg8 23. e5
$16) 20. Kh2 {[%cal Gc3a5,Gf2f4]} (20. Bxa5 $5 Qxa5 21. f4 c4 $1 22. fxe5 Bxe5
23. Kh2 c3 24. Nf3 $14) (20. f4 c4+ (20... Nec4 21. Nxc4 Nxc4 22. Bxg7 Ne3 23.
Qc3 Nxf1 24. Bh6 $18) (20... Nd3 $2 21. Bxa5 $18) 21. Kh2 Nd3 22. Bxa5 (22.
Bxg7 Nb4 $1 $17) 22... Qxa5 23. Nxc4 Nb2 $5 24. Nxa5 Rxc2 $44) 20... Nb3 21. a5
(21. f4 Nd4 $1 22. Qd1 (22. Bxd4 $2 cxd4 23. Qd1 Nd3 $17) 22... Nd3 23. Nc4 Qb3
24. Qxb3 Rxb3 25. Nxd6 Rcb8 26. Rd2 Nb4 $5 $13) 21... Qb7 $2 {Serious mistake,
Judit forgot about 23.Qd1!. Much stronger was to play} (21... Qb5 $1 {with
possible continuations} 22. Rb2 (22. f4 Nd4 $1 23. Qd1 Nd3 24. Na3 $8 Qa6 25.
Ndc4 Nb4 $13) 22... Nxd2 $5 23. Rxb5 (23. Nxd2 Qe2 $36) 23... Nxf1+ 24. Bxf1
Bxb5 25. Bxb5 Rxb5 26. Nd2 Rcb8 (26... c4 27. Qa4 a6 28. Bxe5 Bxe5 29. Nxc4 $14
) 27. Bxe5 Bxe5 28. Nc4 Kf8 $13) 22. f4 $1 Nd4 23. Qd1 $1 {[%csl Re5]} Bb5 $8 (
23... Nd3 24. Nc4 {[%csl Rd6]}) 24. fxe5 Bxf1 25. Qxf1 Bxe5 26. Na3 $1 $16 {
[%cal Ga3c4] White advantage is clear, and Judit had not too many chances to 
avoid first defeat, but clocks, her big ally in this match, helped her  again.}
Qe7 27. Nac4 Bg7 28. a6 $1 h5 29. h4 Rf8 30. Qd3 f5 {Just produce additional
weakness, but it is difficult to give good advice.} 31. Bxd4 Bxd4 32. exf5 gxf5
(32... Rxf5 $5) 33. Nf3 {[%csl Re6][%cal Ga2e2]} Qf6 34. Nxd4 cxd4 35. Rf2 Rbe8
36. Bh3 $18 Qg7 37. Bxf5 Kh8 38. Rf4 Rf6 39. Qxd4 {It is very difficult to
comment last part of the game.White position is easy winning and Karpov had
enough time, but Judit continued to fight and her stubborness got the price in
the end: Anatoly, having 20-25 seconds left on his clocks, instead of giving
mate in 3 moves  blunder stalemate! Karpov played very well this game and
surely he deserves victory.} Re2+ 40. Kh3 Re1 41. Kg2 Re2+ 42. Kf3 Re1 43. Ne3
Rg1 44. g4 hxg4+ 45. Bxg4 Rxf4+ 46. Qxf4 Re1 47. h5 Rh1 48. Qf5 Rc1 49. Qe6
Qf8+ 50. Bf5 Rc7 51. h6 Re7 52. Qg6 Rf7 53. Kf4 Re7 54. Ng4 Rf7 55. Nf6 Rc7 56.
Be6 Rc4+ 57. Kg5 Rc7 58. Kh5 Re7 59. Qg8+ Qxg8 60. Nxg8 Rc7 61. Nf6 Rc1 62. Ne8
Rh1+ 63. Kg6 Rg1+ 64. Kf7 Rf1+ 65. Ke7 Kh7 66. Nxd6 Kxh6 67. Nf7+ Kg6 68. d6
Rd1 69. d7 Kh5 70. Nd6 Rxd6 71. Kxd6 Kg5 72. d8=Q+ Kf4 73. Qh4+ Ke3 74. Qg3+
Kd4 75. Qf3 $4 {stalemate} (75. Bb3 Ke4 76. Bc2+ Kd4 77. Qd3#) 1/2-1/2